Регионална библиотека "Любен Каравелов" - Русе

Най-добрата книга за кучетата (Запис номер 111460)

MARC детайли
000 -Лидер
Контролно поле с фиксирана дължина 01345nam a2200373 a 4500
003 - Код на организацията, давaща контролен номер
Контролно поле BLK
005 - Дата и час на последна редакция
Контролно поле 20230530145119.0
008 - Елементи от данни с фиксирана дължина
fixed length control field 180409b bul|||||r ||||||| ||bul||
010 ## - Наследен системен номер
LC control number KNG00116805000
020 ## - Международен стандартен номер на книга ISBN
Международен стандартен номер на книга ISBN 954-625-330-8
040 ## - Източник на каталожния запис
Идентификатор на билиотеката - собственик на записа BLK
041 ## - Код за език
Код за езика на текст/звукозапис или на отделно заглавие Български
Код за езика КДБФ Български
080 ## - УДК
Текстов определител УДК Кучета
УДК код - определител по УДК 636.7
УДК определител (035)
УДК - код + определител 636.7(035)
100 1# - Редна дума - Автор
Автор О'Нийл, Аманда
Авторска отговорност първи автор
R(LIN) 279902
139 ## - Редно поле
Редна дума О'Нийл, Аманда
Авторски знак Оне - О 58
245 10 - Сведения за заглавието
Заглавие Най-добрата книга за кучетата
Подзаглавни данни Еволюция, история, породи,поведение, грижи
Редно поле (дума) Аманда О'Нийл; прев. Екатерина Иванова Латева.
257 ## - Страна на издаване
Страна на създаване/издаване Великобритания
260 ## - Област на издателските данни
Име на издателя, разпространителя и проч. Фют
Година на издаване 2004
Място на издаване, разпространение и проч. София
300 ## - Физическа характеристика
Страници 64 с.
Илюстрации и др. с цв. ил.
Размери/Мащаб 27 см
380 ## - Жанр
Жанр Детска отраслова лит.
500 ## - Общи забележки
Забележка Ориг. загл. The Best -Ever Book of Dogs. - Офс. изд.
650 #4 - Допълнително описание по предмет – тема
Основно описание – тема или топоним Кучета - отглеждане
9 (RLIN) 262644
653 ## - Ключова дума – ненормативна
Ключова дума кучета
653 ## - Ключова дума – ненормативна
Ключова дума породи
653 ## - Ключова дума – ненормативна
Ключова дума митове
700 1# - Други автори (авторска отговорност)
Лично име Латева, Екатерина Иванова
9 (RLIN) 363572
852 ## - Местоположение
Форматна сигнатура Цб ІІ 13022
Фондова буква Хранилище
856 4# - Електронен адрес и достъп
Електронен формат pdf - файл
856 4# - Електронен адрес и достъп
Електронен формат pdf - файл
999 ## - СИСТЕМНИ КОНТРОЛНИ НОМЕРА
Koha biblionumber 111460
Koha biblioitemnumber 111460
942 ## - АРТИКУЛИ
Вид на библиотечния материал Книги
Скрит в OPAC Не
Koha issues (borrowed), all copies 15
Периодичен библиозапис Да
944 ## - СЪЗДАВАНЕ И РЕДАКЦИЯ на ЗАПИСА
Създаване/Редакция Създаване
Дата на регистрацията/редакция 04.01.2005
Статус, дата на статуса ф /
Служител, извършил регистрацията/редакцията Людмила_Стоянова
944 ## - СЪЗДАВАНЕ И РЕДАКЦИЯ на ЗАПИСА
Създаване/Редакция Редакция
Дата на регистрацията/редакция 06.02.2013
Статус, дата на статуса ф /
999 ## - СИСТЕМНИ КОНТРОЛНИ НОМЕРА
Koha biblioitemnumber 111460
Наличности
Код за отписване Код за изгубен артикул Източник на класификационната схема Код за повреда Коз за рестрикции Код за отдаване Артикулен № Име на библиотеката - собственик Име на библиотеката, в която се намира в момента Статус (Текущо местоположение) Дата на вписване в системата Местоположение - отдел Цена в лева Инвентарен номер Систематично азбучна сигнатура Баркод Номер на екземпляра Цена в евро Служебна бележка Служебен тип на артикула
Изтеглен Не е изгубен Universal Decimal Classification Не е повреден без рестрикции заемане за дома 178996 Регионална библиотека "Любен Каравелов" Русе Регионална библиотека "Любен Каравелов" Русе Детски отдел 2004-12-30 Детски отдел 4.90 120000690899 ДН 636/639/О 58 120000690899 1 2.51 Дост: Pk Вид: Ф N: 8897 Дата: 29.12.2004 Дата инв: 20.08.2015 Бележки инв: Д2015 Книги
  Не е изгубен Universal Decimal Classification Не е повреден само за читалня ползва се в читалня 178997 Регионална библиотека "Любен Каравелов" Русе Регионална библиотека "Любен Каравелов" Русе Хранилище 2006-03-21 Хранилище 4.90 120000700727 Цб ІІ 13022 120000700727 2 2.51 Дост: Dp Вид: Д N: 9 Дата: 16.02.2005 Книги
  Не е изгубен Universal Decimal Classification Не е повреден без рестрикции заемане за дома 178998 Регионална библиотека "Любен Каравелов" Русе Регионална библиотека "Любен Каравелов" Русе Детски отдел 2006-12-06 Детски отдел 4.90 120000707258 ДН 636/639/О 58 120000707258 3 2.51 Дост: Pk Вид: Ф N: 46354 Дата: 05.12.2006 Дата инв: 20.08.2015 Бележки инв: Д2015 Книги
  Не е изгубен   Не е повреден без рестрикции заемане за дома 178999 Регионална библиотека "Любен Каравелов" Русе Регионална библиотека "Любен Каравелов" Русе Детски отдел 2012-05-17 Детски отдел 4.00 120000757422 ДН 636/639/О 58 120000757422 4 2.05 Дост: DA Вид: А N: 7 Дата: 16.05.2012 Дата инв: 20.08.2015 Бележки инв: Д2015 Книги
  Не е изгубен   Не е повреден без рестрикции заемане за дома 179000 Регионална библиотека "Любен Каравелов" Русе Регионална библиотека "Любен Каравелов" Русе Детски отдел 2012-05-17 Детски отдел 4.00 120000757423 ДН 636/639/О 58 120000757423 5 2.05 Дост: DA Вид: А N: 7 Дата: 16.05.2012 Дата инв: 20.08.2015 Бележки инв: Д2015 Книги
Vip Innovations Ltd, Rousse, Bulgaria 2025